|
|
|
|
| LEADER |
01050nam a2200289 a 4500 |
| 001 |
000450428 |
| 003 |
CZ BrMZK |
| 005 |
20071004124755.0 |
| 007 |
ta |
| 008 |
990305s1985 xr f cze d |
| 015 |
|
|
|a cnb000011410
|
| 035 |
|
|
|a (OCoLC)13904702
|
| 040 |
|
|
|a BOA001
|b cze
|
| 080 |
9 |
|
|a 748
|
| 100 |
1 |
|
|a Drahotová, Olga,
|d 1932-2021
|7 jk01022968
|4 aut
|
| 245 |
1 |
0 |
|a Evropské sklo :
|b sběratelský průvodce dějinami evropského skla /
|c Olga Drahotová ; fot. Gabriel Urbánek
|
| 260 |
|
|
|a Praha :
|b Artia,
|c 1985
|
| 300 |
|
|
|a 231 s.
|
| 504 |
|
|
|a Obsahuje bibliografie
|
| 700 |
1 |
|
|a Urbánek, Gabriel,
|d 1948-
|7 jo20000082707
|4 pht
|
| 856 |
4 |
1 |
|u http://www.digitalniknihovna.cz/mzk/uuid/uuid:6ae62150-5b43-11e3-ae59-005056827e52
|y Digitalizovaný dokument
|x NDK
|
| 910 |
|
|
|a BOA001
|b 4-0896.611
|
| 964 |
|
|
|a Sklo české - publikace obrazové
|
| 964 |
|
|
|a Sklo umělecké - Evropa - publikace obrazové
|
| 990 |
|
|
|a BK
|
| 991 |
|
|
|b 200710
|
| 996 |
6 |
|
|b 2619748908
|c 4-0896.611
|l MZK
|r HSS 4p
|n 3
|h 74 DRA
|w 000450428
|u 000010
|a 0
|e BOA001
|j MZK50
|s P
|